| 000 | 00553nam a2200121Ia 4500 | ||
|---|---|---|---|
| 008 | 220616s9999||||xx |||||||||||||| ||und|| | ||
| 100 | _aKarp, Alexander||Furinghetti, Fulvia | ||
| 245 | 0 | _aHistory of Mathematics Teaching and Learning | |
| 546 | _aEnglish[eng] | ||
| 650 | _aMathematics Education||Learning||Teaching | ||
| 856 | _uhttps://library.oapen.org/bitstream/20.500.12657/28061/1/1001933.pdf||https://library.oapen.org/bitstream/20.500.12657/28061/1/1001933.pdf||https://library.oapen.org/bitstream/20.500.12657/28061/1/1001933.pdf | ||
| 942 | _cEB | ||
| 999 |
_c20540 _d20540 |
||